|
|
|
|
| LEADER |
00000nam a2200000 a 4500 |
| 001 |
vtls008700285 |
| 003 |
SK-MaSNL |
| 005 |
20260301144340.0 |
| 008 |
151112s2006 xo l d p 000 0 slo |
| 015 |
|
|
|a SNBA2006/06-03451
|
| 020 |
|
|
|a 8022520918 (brož.)
|
| 035 |
|
|
|a D9F5CF45-1450-4DA0-81E9-C183F4759009
|
| 035 |
|
|
|a urn:nbn:sk:snk-amjuqx
|
| 035 |
|
|
|a urn:nbn:sk:snk-am00841c
|
| 040 |
|
|
|a SNK
|b slo
|c SNK
|e AACR2
|
| 041 |
0 |
|
|a slo
|
| 044 |
|
|
|a xo
|c SK
|
| 072 |
|
7 |
|a 004
|x Počítačová veda. Výpočtová technika. Informačné technológie
|2 konspekt
|
| 080 |
|
|
|a 004.38-027.22
|2 2001
|
| 080 |
|
|
|a (075)
|2 2001
|
| 080 |
|
|
|a 004.38
|2 2001
|
| 100 |
1 |
|
|a Červenka, Peter,
|d 1976-
|4 aut
|9 216124
|
| 245 |
1 |
0 |
|a Modul 2. Práca s počítačom a správa súborov
|b jednotný programový dokument NUTS II Bratislava Cieľ 3 ... pre potreby zamestnávateľov a podnikateľského sektora : projekt Vzdelávanie zamestnancov Ekonomickej univerzity : kód projektu: 13120110060 : projekt je spolufinancovaný zo zdrojov Európskeho sociálneho fondu
|c Peter Červenka
|
| 250 |
|
|
|a [1. vyd.]
|
| 260 |
|
|
|a V Bratislave
|b Katedra informatiky obchodných firiem Obchodná fakulta Ekonomickej univerzity
|c 2006
|
| 300 |
|
|
|a 120 s.
|b sch., tab.
|c 29 cm
|
| 500 |
|
|
|a Zozn. obr. Slovník pojmov
|
| 650 |
0 |
7 |
|a počítače
|2 SNKPH
|9 2027
|
| 650 |
0 |
7 |
|a práca s počítačom
|2 SNKPH
|9 3626
|
| 655 |
|
7 |
|a učebnice
|2 SNKPH
|9 22521
|
| 919 |
|
|
|a 80-225-2091-8
|
| 999 |
|
|
|c 776813
|d 778743
|
| 952 |
|
|
|a SNK
|b SNK
|y PREZ
|7 0
|p 17A0508454
|o snkSB 72312
|i snk2006/9617
|8 0
|0 0
|1 0
|4 0
|d 2006-05-15
|l 0
|r 2025-04-25 00:00:00
|w 2026-02-24
|
| 952 |
|
|
|a SNK
|b SNK
|y VYP
|7 0
|p 17A0508466
|o snkSB 72312 D1
|i snk2006/9618
|8 0
|0 0
|1 0
|4 0
|d 2006-05-15
|f 1
|l 0
|r 2016-06-30 00:00:00
|w 2026-02-24
|